Нормален изглед
MARC изглед
- бъдещето на човечеството
Вход 08. Ключови думи
001 - Контролен номер на записа
- Контролно поле: 443341
003 - Код на организацията, даваща контролен номер
- Контролно поле: BLK
005 - Дата и час на последна промяна на записа
- Контролно поле: 20210317112416.0
008 - Данни с фиксирана дължина – обща информация
- Данни с фиксирана дължина : 210317|| aca||aabn | a|a d
153 ## - Ключови думи
- Ключова дума: бъдещето на човечеството
942 ## - Системна служебна употреба
- Koha auth type: KEW